000
00305nam a2200121Ia 4500
005
20251222175921.0
008
251222s9999||||xx |||||||||||||| ||spa||
020
_a
8448139186
082
_a
658.3/S26
100
_a
Sastre Castillo, Miguel Ángel
245
0
_a
Dirección de Recursos Humanos:
942
_c
LIB
999
_c
40684
_d
40684